Microelectronic Circuits (Record no. 344448)

MARC details
000 -LEADER
fixed length control field 00517nam a2200181Ia 4500
008 - FIXED-LENGTH DATA ELEMENTS--GENERAL INFORMATION
fixed length control field 230718s9999 xx 000 0 und d
020 ## - INTERNATIONAL STANDARD BOOK NUMBER
International Standard Book Number 9780198089131
041 ## - LANGUAGE CODE
Language code of text/sound track or separate title eng
082 ## - DEWEY DECIMAL CLASSIFICATION NUMBER
Classification number 621.381'5
Item number SED
100 ## - MAIN ENTRY--PERSONAL NAME
Personal name Sedra A.S.
245 ## - TITLE STATEMENT
Title Microelectronic Circuits
Remainder of title Theory And Applications
250 ## - EDITION STATEMENT
Edition statement 6th ed.
260 ## - PUBLICATION, DISTRIBUTION, ETC. (IMPRINT)
Date of publication, distribution, etc. 2017
Name of publisher, distributor, etc. Oxford University Press
300 ## - PHYSICAL DESCRIPTION
Extent 1384
365 ## - TRADE PRICE
Currency code Rs.
Price amount 825.00
700 ## - ADDED ENTRY--PERSONAL NAME
Personal name Sedra A.S. & Smith K.C.
9 (RLIN) 185253
906 ## - LOCAL DATA ELEMENT F, LDF (RLIN)
d O:0375225-Feb-2017B:381515-Feb-2017
c ETC
b 2310
Holdings
Withdrawn status Lost status Damaged status Not for loan Home library Current library Date acquired Vendor Budget Code Cost, normal purchase price Bill number Total Checkouts Full call number Barcode Date last seen Discount Cost, replacement price Bill Date Koha item type Original Barcode
        Cummins College of Engineering for Women Pune Cummins College of Engineering for Women Pune 07/03/2017 Vaibhav Book House ETC 594.00 3815   621.381'5 CCEP-BK-55655 18/07/2023 2310 825.00 15/02/2017 Books 055655